Formula One Race Winners 2010s - Sudden Death - Statistics

General Stats
  • This quiz has been taken 545 times
  • The average score is 6 of 12
Answers on the Grid
Answers color-coded by a green-red scale on the quiz's grid according to % correct below.
Kimi Raikkönen
Carlos Sainz
Lewis Hamilton
Fernando Alonso
Kevin Magnussen
Mark Webber
Charles Leclerc
Robert Kubica
Lando Norris
Sebastian Vettel
Michael Schumacher
Nico Rosberg
Pastor Maldonado
Max Verstappen
Felipe Nasr
Sergio Perez
Timo Glock
Daniel Ricciardo
Jenson Button
Pierre Gasly
Esteban Ocon
Rubens Barrichello
Felipe Massa
Valtteri Bottas
 
Answer Stats
Answer % Correct
Kimi Raikkönen
88%
Lewis Hamilton
75%
Fernando Alonso
68%
Sebastian Vettel
53%
Charles Leclerc
52%
Mark Webber
52%
Nico Rosberg
46%
Max Verstappen
44%
Daniel Ricciardo
38%
Jenson Button
37%
Valtteri Bottas
37%
Pastor Maldonado
34%
No matching quizzes found
Score Distribution
Percent of People with Each Score
Percentile by Number Answered
Your Score History
You have not taken this quiz